000
00564nam a22001337a 4500
999
_c
234472
_d
234472
003
Nust
005
20170321121922.0
008
140206t xxu||||| |||| 00| 0 eng d
020
_a
978-81-89473-27-3
040
_c
ASAB
082
_a
660.6
245
_a
Textbook of Biotechnology
_c
Hemant Rawat
300
_a
292 p.
942
_2
ddc
_c
BK